| 000 | 00751nam a2200217 u 4500 | ||
|---|---|---|---|
| 005 | 20220604063708.0 | ||
| 008 | 130530s2007 mx r 000 0 spa d | ||
| 020 | _a9789688596869 | ||
| 035 | _aUPN01000191449 | ||
| 049 | _aCG | ||
| 050 | 4 |
_aKGF3411 V5 _bM3.6 2007 |
|
| 245 | 0 | 0 |
_aManual para la atención jurídica : _bde casos de violación a los derechos humanos de las personas que viven con VIH/SIDA / _cdir. Pedro Isabel Morales Aché. |
| 250 | _a2a ed. rev. y act. | ||
| 260 |
_aMéxico : _bUIA : _bLetra S, _c2007. |
||
| 300 |
_a263 p. : _bil. |
||
| 650 | 4 |
_aSIDA - _xLEYES Y LEGISLACION - _zMEXICO _922174 |
|
| 650 | 4 |
_aDerechos humanos _zMéxico _95183 |
|
| 700 | 1 |
_aMorales Aché, Pedro Isabel, _edir. |
|
| 905 | _aLibro | ||
| 999 |
_c163552 _d163552 |
||